<?xml version="1.0" encoding="UTF-8"?>
<record
    xmlns:xsi="http://www.w3.org/2001/XMLSchema-instance"
    xsi:schemaLocation="http://www.loc.gov/MARC21/slim http://www.loc.gov/standards/marcxml/schema/MARC21slim.xsd"
    xmlns="http://www.loc.gov/MARC21/slim">

  <leader>01220nam a2200277 a 4500</leader>
  <controlfield tag="003">DO-SdBNP</controlfield>
  <controlfield tag="005">20220729135855.0</controlfield>
  <controlfield tag="007">ta</controlfield>
  <controlfield tag="008">220728e    1999pr a|||grc||| 00| 0dspa d</controlfield>
  <datafield tag="040" ind1=" " ind2=" ">
    <subfield code="a">DO-SdBNP</subfield>
    <subfield code="b">spa</subfield>
    <subfield code="c">BNPHU</subfield>
  </datafield>
  <datafield tag="082" ind1=" " ind2="4">
    <subfield code="2">22</subfield>
    <subfield code="b">V831p</subfield>
  </datafield>
  <datafield tag="245" ind1="1" ind2="0">
    <subfield code="a">Una visi&#xF3;n pict&#xF3;rica de la hispaniola = vision picturale d'hispaniola : Museo de las Am&#xE9;ricas, San Juan, Puerto Rico, mayo 4 - junio 27, 1999.</subfield>
    <subfield code="b"> Museo de las Am&#xE9;ricas, San Juan, Puerto Rico, mayo 4-junio 27, 1999. /</subfield>
    <subfield code="c">Texto, Abil Peralta, Soraya Aracena; Traducci&#xF3;n, Yvonne Belli&#xF3;n; Fotograf&#xED;a, Mariano Hern&#xE1;ndez</subfield>
  </datafield>
  <datafield tag="260" ind1=" " ind2=" ">
    <subfield code="a">Santo Domingo :</subfield>
    <subfield code="b">Centenario, </subfield>
    <subfield code="c">1999</subfield>
  </datafield>
  <datafield tag="300" ind1=" " ind2=" ">
    <subfield code="a">55 p. :</subfield>
    <subfield code="b">il. ;</subfield>
    <subfield code="c">29 cm.</subfield>
  </datafield>
  <datafield tag="590" ind1=" " ind2=" ">
    <subfield code="a">Inventariado 2022 / MF</subfield>
  </datafield>
  <datafield tag="650" ind1=" " ind2="4">
    <subfield code="9">80097</subfield>
    <subfield code="a">Pintura dominicana</subfield>
    <subfield code="y">Siglo XX</subfield>
  </datafield>
  <datafield tag="650" ind1=" " ind2=" ">
    <subfield code="9">81688</subfield>
    <subfield code="a">Arte dominicano</subfield>
    <subfield code="v">Exposiciones</subfield>
    <subfield code="x">Cat&#xE1;logos</subfield>
    <subfield code="y">Siglo XX </subfield>
  </datafield>
  <datafield tag="700" ind1="1" ind2=" ">
    <subfield code="9">26618</subfield>
    <subfield code="a">Peralta, Abil,</subfield>
    <subfield code="e">texto</subfield>
  </datafield>
  <datafield tag="700" ind1="1" ind2=" ">
    <subfield code="9">43422</subfield>
    <subfield code="a">Aracena, Soraya</subfield>
    <subfield code="e">texto</subfield>
  </datafield>
  <datafield tag="700" ind1="1" ind2=" ">
    <subfield code="a">Belli&#xF3;n, Yvonne </subfield>
    <subfield code="e">trad.</subfield>
    <subfield code="9">82126</subfield>
  </datafield>
  <datafield tag="700" ind1="1" ind2=" ">
    <subfield code="9">59875</subfield>
    <subfield code="a">Hern&#xE1;ndez, Mariano</subfield>
    <subfield code="e">fotogr.</subfield>
  </datafield>
  <datafield tag="710" ind1=" " ind2="4">
    <subfield code="9">42466</subfield>
    <subfield code="a">Secretar&#xED;a de Estado de Turismo (Rep&#xFA;blica Dominicana)</subfield>
  </datafield>
  <datafield tag="710" ind1=" " ind2="4">
    <subfield code="9">53277</subfield>
    <subfield code="a">Embajada de Hait&#xED; en la Rep&#xFA;blica Dominicana</subfield>
  </datafield>
  <datafield tag="910" ind1=" " ind2=" ">
    <subfield code="a">MFeliz</subfield>
  </datafield>
  <datafield tag="942" ind1=" " ind2=" ">
    <subfield code="2">ddc</subfield>
    <subfield code="c">LBS1</subfield>
  </datafield>
  <datafield tag="952" ind1=" " ind2=" ">
    <subfield code="0">0</subfield>
    <subfield code="1">0</subfield>
    <subfield code="2">ddc</subfield>
    <subfield code="5">1</subfield>
    <subfield code="7">0</subfield>
    <subfield code="8">PD</subfield>
    <subfield code="a">BNPHU</subfield>
    <subfield code="b">BNPHU</subfield>
    <subfield code="c">CT</subfield>
    <subfield code="d">2020-07-28</subfield>
    <subfield code="e">Donad por CERTV</subfield>
    <subfield code="l">0</subfield>
    <subfield code="o">V831p</subfield>
    <subfield code="p">2022-3588</subfield>
    <subfield code="r">2022-07-28</subfield>
    <subfield code="w">2022-07-28</subfield>
    <subfield code="y">LBS1</subfield>
  </datafield>
  <datafield tag="999" ind1=" " ind2=" ">
    <subfield code="c">52250</subfield>
    <subfield code="d">52250</subfield>
  </datafield>
</record>
